01404nam a22002057a 450000500170000000800410001702000180005804000070007604100080008308200210009110000170011224500950012926000570022430000310028136500600031252007490037265000300112165000280115170000190117920211012165255.0211012b ||||| |||| 00| 0 eng d a9789391234065 cAL aeng 223a823.92bDHAG aAbhirup Dhar aGhost Hunter Gaurav TiwaribThe life and legacy of Indias foremost Paranormal Investigator aChennaibWestland Publications Private Limitedc2021 axxxi,240 p.bPBc19x13 cm. aBLCR-000065b₹280.00c₹d₹350.00e20%f05-10-2021 bShocked by the mysterious death of Gaurav Tiwari at the age of thirty-two, acclaimed horror writer Abhirup Dhar contacted the team at Indian Paranormal Society, founded by the late paranormal investigator, to understand his life and work. This book is the result of the intense conversations that followed. As the IPS team related some of the most spine-chilling cases they’d investigated, Abhirup learnt more about Gaurav. And the paranormal. From a parking lot haunted by the ghosts of young children, to Lambi Dehar, filled with the tortured souls of the thousands who’d died there; from the unhappy spirits in Mukesh Mills to phantoms in the labyrinths of a court—Gaurav and the IPS team investigated the most haunted places in India. aIndian Paranormal Society aParanormal Investigator aDHAR (Abhirup)